VERUKKAPEDANULLA DHAIRYAM (Record no. 8585)
[ view plain ]
| 000 -LEADER | |
|---|---|
| fixed length control field | 00874nam a22001577a 4500 |
| 020 ## - INTERNATIONAL STANDARD BOOK NUMBER | |
| ISBN | 978-93-5543-222-3 |
| 082 ## - DEWEY DECIMAL CLASSIFICATION NUMBER | |
| Classification number | 150 |
| Item number | KIS/V |
| 100 ## - MAIN ENTRY--AUTHOR NAME | |
| Personal name | KISHIMI,ICHIRO; FUMITAKE ,KOGA/LAKSHMI, MOHAN |
| 245 ## - TITLE STATEMENT | |
| Title | VERUKKAPEDANULLA DHAIRYAM |
| 246 ## - VARYING FORM OF TITLE | |
| Title proper/short title | VERUKKAPEDANULLA DHAIRYAM |
| Remainder of title | VERUKKAPEDANULLA DHAIRYAM |
| 260 ## - PUBLICATION, DISTRIBUTION, ETC. (IMPRINT) | |
| Place of publication | BHOPAL,INDIA |
| Name of publisher | MANJULAL |
| 300 ## - PHYSICAL DESCRIPTION | |
| Number of Pages | 293 |
| 520 ## - SUMMARY, ETC. | |
| Summary, etc | ഒരൊറ്റ പുസ്തകത്തിന് നിങ്ങളുടെ ജീവിതം മാറ്റിമറിക്കാന് കഴിയും<br/><br/>സ്വതന്ത്രരായിരിക്കാനും നിങ്ങളുടെ ജീവിതം മാറ്റിമറിക്കുന്നതിനും യഥാര്ത്ഥ സന്തോഷം നേടിയെടുക്കുവാനും |
| 650 ## - SUBJECT ADDED ENTRY--TOPICAL TERM | |
| Topical Term | MOTIVATIONAL MALAYALAM |
| 942 ## - ADDED ENTRY ELEMENTS (KOHA) | |
| Koha item type | Books |
No items available.